<?xml version="1.0" encoding="UTF-8"?>
<collection xmlns="http://www.loc.gov/MARC21/slim">
    <record>
        <controlfield tag="001">68456</controlfield>
        <controlfield tag="005">20180223095302.0</controlfield>
        <datafield tag="037" ind1=" " ind2=" ">
            <subfield code="a">GDOC-2016-67618</subfield>
        </datafield>
        <datafield tag="041" ind1=" " ind2=" ">
            <subfield code="a">spa</subfield>
        </datafield>
        <datafield tag="100" ind1=" " ind2=" ">
            <subfield code="0">(orcid)0000-0001-5619-6872</subfield>
            <subfield code="1">311189</subfield>
            <subfield code="a">Fernández Fernández, Cristina</subfield>
        </datafield>
        <datafield tag="245" ind1="0" ind2="0">
            <subfield code="9">67618</subfield>
            <subfield code="a">Derecho de la Unión Europea y mercado interior: libertades y competencia</subfield>
        </datafield>
        <datafield tag="242" ind1="0" ind2="0">
            <subfield code="9">67618</subfield>
            <subfield code="a">European Union law and internal market: freedoms and competitiveness</subfield>
        </datafield>
        <datafield tag="260" ind1=" " ind2=" ">
            <subfield code="a">Zaragoza</subfield>
            <subfield code="b">Universidad de Zaragoza</subfield>
            <subfield code="c">2016-2017</subfield>
        </datafield>
        <datafield tag="520" ind1=" " ind2=" ">
            <subfield code="a">Breve presentación de la asignatura
La asignatura “Derecho comunitario y mercado interior: libertades y competencia” es una de las cuatro asignaturas obligatorias del Máster, que junto a “Instituciones, derecho y proceso de toma de decisiones en la Unión Europea” forman el núcleo básico del módulo de Derecho. Se desarrolla en el primer semestre del curso y equivale a 6 créditos ECTS. Tiene como objetivo principal el desarrollo de los elementos claves para comprender la articulación normativa de lo que constituye el núcleo esencial del Mercado Interior de la Unión Europea, atendiendo tanto a sus fundamentos en el Derecho originario, como en el Derecho derivado y en la jurisprudencia del Tribunal de Justicia de la Unión Europea. Junto a las otras tres asignaturas obligatorias del Máster proporciona la formación básica sobre la economía y el derecho de la UE. Junto con las demás asignaturas del módulo de Derecho permite al estudiante completar una formación de carácter eminentemente jurídico sobre la UE.</subfield>
            <subfield code="b"> </subfield>
        </datafield>
        <datafield tag="521" ind1=" " ind2=" ">
            <subfield code="9">644</subfield>
            <subfield code="a">Unión Europea</subfield>
        </datafield>
        <datafield tag="540" ind1=" " ind2=" ">
            <subfield code="a">by-nc-sa</subfield>
            <subfield code="b">Creative Commons</subfield>
            <subfield code="c">3.0</subfield>
            <subfield code="u">http://creativecommons.org/licenses/by-nc-sa/3.0/</subfield>
        </datafield>
        <datafield tag="830" ind1=" " ind2=" ">
            <subfield code="9">524</subfield>
        </datafield>
        <datafield tag="856" ind1="4" ind2=" ">
            <subfield code="s">15462</subfield>
            <subfield code="u">http://zaguan.unizar.es/record/68456/files/guia-67618-es.pdf</subfield>
            <subfield code="y">Guía (idioma español)</subfield>
        </datafield>
        <datafield tag="856" ind1="4" ind2=" ">
            <subfield code="s">6954</subfield>
            <subfield code="u">http://zaguan.unizar.es/record/68456/files/guia-67618-en.pdf</subfield>
            <subfield code="y">Guide (english)</subfield>
        </datafield>
        <datafield tag="970" ind1=" " ind2=" ">
            <subfield code="a">GDOC-2016-67618</subfield>
        </datafield>
        <datafield tag="980" ind1=" " ind2=" ">
            <subfield code="a">GDOC</subfield>
            <subfield code="b">Ciencias sociales y jurídicas</subfield>
            <subfield code="c">109</subfield>
        </datafield>
    </record>

    
</collection>